LDR 00860naa#a2200205#i#450# 001 EN\INFRA-M\bibl\122590 005 20260629211010.1 011 ## _a2500-0535 100 ## _a20260610b2026####ek#y0engy0150####ca 101 0# _aRUS 102 ## _aRU 200 1# _aThe mid-latitude atmosphere of the European-Asian Region during Forbush decreases in cosmic rays _eJournal article 210 1# _aMoscow _cINFRA-M Academic Publishing LLC. _d2026 215 ## _a7 с. 608 ## _aJournal article _2local 675 ## _aКосмические лучи. Первичные космические лучи. 524.1 _aПроходящие магнитные явления: изменения, колебания и бури. 550.385 _zRUS 700 #1 _aYanchukovsky _gValery Leonidovich 700 #1 _aKuzmenko _gVasiliy Sergeevich 700 #1 _aKhisamov _gRashit Zamaltdinovich 856 4# _anaukaru.ru _u